000
00141 a2200073 4500
020
_a
9780736802833
082
_a
T 616.238 PEAC
245
_a
ASTHMA
999
_c
792313
_d
792312
942
_w
223
_x
Zanele Mgwenya
_y
223
_z
Zanele Mgwenya